| 000 | 00343 a2200145 4500 | ||
|---|---|---|---|
| 001 | 48937 | ||
| 040 | _cAnchieta - Bela Vista | ||
| 100 | _aMachado, Ana Maria | ||
| 240 | 1 | 0 |
_aHistória meio ao contrário _lpor |
| 245 | 1 | 0 | _aHistória meio ao contrário |
| 300 | _a48 | ||
| 362 | 0 | _a2010 | |
| 650 | 4 | _aLiteratura infanto-juvenil | |
| 942 | _cBK | ||
| 999 |
_c48937 _d48937 |
||